Vysokovýnosové aktíva a ich význam v činnosti komerčnej banky diplomová práca

Saved in:
Bibliographic Details
Main Author: Pidaná, Renáta
Corporate Author: Národohospodárska fakulta EU. Katedra bankovníctva a medzinárodných financií
Other Authors: Tkáčová, Daniela, 1954-
Format: Book
Language:Slovak
Published: Bratislava 2011
Tags: Add Tag
No Tags, Be the first to tag this record!

MARC

LEADER 00000nbm a2200000 4500
001 0130637
005 20161109101558.2
041 0 |a slo 
044 |a SK 
245 1 0 |a Vysokovýnosové aktíva a ich význam v činnosti komerčnej banky  |b diplomová práca  |c Renáta Pidaná ; školiteľ: Daniela Tkáčová 
264 1 |a Bratislava  |c 2011 
300 |a 66 s. 
100 1 |a Pidaná, Renáta 
700 1 |a Tkáčová, Daniela, 1954- 
710 2 |a Národohospodárska fakulta EU. Katedra bankovníctva a medzinárodných financií